00886cam a2200229 i 450000100100000000500170001000800410002704000250006808200150009324501740010826000730028230000190035550400740037465000510044865100340049965000320053370000190056570000200058470000130060470000170061770000220063400001799520200929165316.0760826s1977 ch r 000 0 eng  aDO-SdBNPbspacBNPHU axxxxbxxxx00aAn Anthology of contemporary Chinese literature :bTaiwan, 1949-1974 /cedición y compilación Chi Pang-yuan, John J. Deeney, Ho Hsin, Wu Hsi-chem y Yü Kwang-chung. aTaipei :bNational Institute for Compilation and Translation,c1977. a2 v. ;c23 cm. aIncluye referencias bibliográficas y notas al pie de las páginas. 0aChinese literaturexTranslations into english. 0aTaiwanxLiterary Collections. 0aChinese literaturezTaiwan.1 aChi, Pang-Yuan1 aDeeney, John J.1 aHo, Hsin1 aWu, Hsi-chen1 aYü, Kwang-Chung